Yeladim amitsim : (Record no. 33242)

MARC details
000 -LEADER
fixed length control field 00532cam a22002051 4500
001 - CONTROL NUMBER
control field he 68001294
003 - CONTROL NUMBER IDENTIFIER
control field DLC
005 - DATE AND TIME OF LATEST TRANSACTION
control field 20260227111457.0
008 - FIXED-LENGTH DATA ELEMENTS--GENERAL INFORMATION
fixed length control field 840815s1965 is 000 0 heb
010 ## - LIBRARY OF CONGRESS CONTROL NUMBER
LC control number he 68001294
035 ## - SYSTEM CONTROL NUMBER
System control number (OCoLC)19190063
040 ## - CATALOGING SOURCE
Original cataloging agency DLC
Transcribing agency MH
Modifying agency DLC
042 ## - AUTHENTICATION CODE
Authentication code premarc
050 00 - LIBRARY OF CONGRESS CALL NUMBER
Classification number PZ90.H3
Item number S4122
100 1# - MAIN ENTRY--PERSONAL NAME
Personal name Selaʻ, Yitsḥaḳ.
245 10 - TITLE STATEMENT
Title Yeladim amitsim :
Remainder of title ʻaśarah sipurim.
260 ## - PUBLICATION, DISTRIBUTION, ETC.
Place of publication, distribution, etc. Tel Aviv :
Name of publisher, distributor, etc. Daʻat,
Date of publication, distribution, etc. [1965]
300 ## - PHYSICAL DESCRIPTION
Extent 103 p. :
Other physical details ill. ;
Dimensions 23 cm.
752 ## - ADDED ENTRY--HIERARCHICAL PLACE NAME
Country or larger entity Israel
City Tel Aviv

No items available.

Powered by Koha